Gas stations Quiz Stats

 Plays Quiz not verified by Sporcle

Challenge
Share
Tweet
Embed
Score 0/23 Timer 03:00
0 Plays Today
% Correct
bp
89.7%
shell
88.8%
mobil
72.9%
exxon
67.3%
texaco
56.1%
citgo
44.9%
chevron
37.4%
marathon
28%
hess
25.2%
amoco
21.5%
speedway
20.6%
valero
18.7%
% Correct
pilot
6.5%
race trac
4.7%
loves
4.7%
kangaroo
4.7%
race way
2.8%
qt
2.8%
rally
0.9%
spirit
0.9%
firebird
0%
gate
0%
flash foods
0%

You're not logged in!

Compare scores with friends on all Sporcle quizzes.
Join for Free
OR
Log In

You Might Also Like...

Show Comments

Extras

Created Apr 10, 2010ReportNominate
Tags:gas, station

Top Quizzes Today


Score Distribution

Your Account Isn't Verified!

In order to create a playlist on Sporcle, you need to verify the email address you used during registration. Go to your Sporcle Settings to finish the process.

Report this User

Report this user for behavior that violates our Community Guidelines.

Details: